Le plus vieux de chaque groupe de Kpop - Statistiques

Statistiques générales
  • Ce quiz a été pris 1 162 fois
  • Le résultat moyen est 12 sur 20
Statistiques - réponses
Groupe Idol % Correct
Blackpink Jisoo
97%
Bts Jin
95%
Stray Kids BangChan
93%
Aespa Karina
83%
Itzy Yeji
81%
Txt Yeonjun
76%
Twice Nayeon
73%
Le Sserafim Sakura
73%
(G)I-DLE Miyeon
67%
Red Velvet Irene
66%
New Jeans Minji
61%
Seventeen S.Coups
61%
Enhypen Heeseung
58%
Ateez Seonghwa
56%
Ive Gaeul
52%
Girls Generation Taeyeon
35%
Billie Moon Sua
21%
XG Chisa
16%
MCND Castle J
14%
Lightsum Sangah
6%
Aucun quiz correspondant
Distribution des résultats
% des personnes avec chaque résultat
Percentile par nombre de réponses
Votre historique - résultats
Vous n’avez pas pris ce quiz